000 00629nam a2200181 4500
001 107252
003 ES-MaACL
005 20230906184356.0
007 t|
008 061121s1934 sp r ||||1| spa d
100 1 _aMorley, Arthur.
_983601
245 1 0 _aMecánica para ingenieros /
_cpor Arthur Morley; versión española de José Serrat y Bonastre; traducción de la 2ª edición inglesa por Ernesto Díaz Varela.
260 _aBarcelona :
_bLabor,
_c1934.
300 _a311 p. ;
_c24 cm.
700 1 _aSerrat y Bonastre, José.
_9105817
700 1 _aDíaz Varela, Ernesto.
_944448
852 _aES-MaACL
_jF-15251
_bR.18918
999 _c107252
_d107252